000 00436nam a22001817a 4500
003 MPLRDC
005 20220104143217.0
008 210129b ||||| |||| 00| 0 eng d
020 _a7-5359-0837-3
082 _a192.32 WLX c.2
100 _a吴绿星等编著
245 _a一句话致胜术
_c
250 _a一版一刷
260 _a
_b广东科技出版社
_c1991
300 _b
650 _a
942 _cBK
_o192.32 WLX c.2
999 _c37685
_d37675